[Event "SK Schwäbisch Hall - SK Schmiden/Cannstatt"]
[Site "?"]
[Date "2023.05.07"]
[Round "9.2"]
[White "Sarenac, Ivan"]
[Black "Schmidt, Tobias"]
[Result "0-1"]
[WhiteElo "2402"]
[BlackElo "2216"]
[PlyCount "116"]
[EventDate "2023.??.??"]

1. e4 e6 2. d4 d5 3. Nc3 Be7 4. Bd3 Nc6 5. Nf3 Nb4 6. Be2 Nf6 7. e5 Ne4 8. a3 Nxc3 9. bxc3 Nc6 10. c4 Na5 11. cxd5 exd5 12. O-O O-O 13. Ne1 c5 14. c3 Bf5 15. Be3 Rc8 16. g4 Be4 17. f3 Bg6 18. f4 Be4 19. Nd3 Nc4 20. Bc1 cxd4 21. cxd4 Qa5 22. Rb1 Qc3 23. Rxb7 Qxd4+ 24. Nf2 Bc5 25. Rb3 Rb8 26. Qxd4 Bxd4 27. Bd1 Na5 28. Rxb8 Rxb8 29. Re1 Rb1 30. Be3 Bc3 31. Rf1 Nc4 32. Nxe4 dxe4 33. Kf2 a5 34. a4 g5 35. Be2 Rxf1+ 36. Bxf1 Be1+ 37. Ke2 gxf4 38. Bxf4 Bc3 39. e6 fxe6 40. Kf2 Bd4+ 41. Kg3 Nb2 42. Bb5 Bb6 43. h4 Kf7 44. Bd6 Nd3 45. g5 e5 46. Bc4+ Kg6 47. Be7 Kf5 48. h5 Nf4 49. Bg8 Nxh5+ 50. Kh4 Kg6 51. Kg4 Nf4 52. Ba3 e3 53. Bc1 Nd3 54. Bxe3 Bxe3 55. Be6 Nc5 56. Bf5+ Kg7 57. Bc2 Bd2 58. Kf5 e4 0-1

[Event "SK Schwäbisch Hall - SK Schmiden/Cannstatt"]
[Site "?"]
[Date "2023.05.07"]
[Round "9.3"]
[White "Trachtmann, Mark"]
[Black "Manoeuvre, Antoine"]
[Result "1-0"]
[WhiteElo "2230"]
[BlackElo "2320"]
[PlyCount "63"]
[EventDate "2023.??.??"]

1. d4 Nf6 2. c4 g6 3. Nc3 Bg7 4. e4 d6 5. h3 O-O 6. Be3 c5 7. Nf3 cxd4 8. Nxd4 Nc6 9. Be2 Bd7 10. O-O Nxd4 11. Bxd4 Bc6 12. Qc2 a5 13. Rfd1 Nd7 14. Bxg7 Kxg7 15. Bg4 Ne5 16. c5 Nxg4 17. hxg4 Qc8 18. cxd6 Qxg4 19. dxe7 Rfe8 20. Nd5 Bxd5 21. exd5 Rxe7 22. d6 Rd7 23. Qc3+ Kg8 24. Rd5 Qe6 25. Rad1 a4 26. Qd4 Ra6 27. Kf1 Qe8 28. Re1 Qf8 29. Re7 Qc8 30. Rde5 Ra8 31. Qd5 Rxe7 32. dxe7 1-0

[Event "SK Schwäbisch Hall - SK Schmiden/Cannstatt"]
[Site "?"]
[Date "2023.05.07"]
[Round "9.4"]
[White "Svana, Peter"]
[Black "Loehr, Markus"]
[Result "0-1"]
[WhiteElo "2271"]
[BlackElo "2210"]
[PlyCount "76"]
[EventDate "2023.??.??"]

1. d4 Nf6 2. c4 g6 3. Nc3 d5 4. Nf3 Bg7 5. Bf4 O-O 6. Rc1 dxc4 7. e3 Be6 8. Ng5 Bd5 9. e4 h6 10. exd5 hxg5 11. Bxg5 b5 12. Qf3 Qd7 13. g3 Na6 14. a4 bxa4 15. Bxc4 Nb4 16. O-O Rad8 17. Bb5 Qc8 18. Bc4 Qd7 19. h4 Nbxd5 20. Nxd5 Nxd5 21. h5 Qf5 22. Qxf5 gxf5 23. Rfd1 Rd6 24. Bxd5 Rxd5 25. Bxe7 Rb8 26. Rc4 Rxb2 27. Rxa4 Rc2 28. h6 Bxh6 29. Rxa7 Bg7 30. Kg2 Bxd4 31. Ra8+ Kg7 32. Bf8+ Kg6 33. Ra4 Rxf2+ 34. Kh3 c5 35. Bxc5 Rxc5 36. Raxd4 Rcc2 37. Rh1 Rc3 38. Rg1 f4 0-1

[Event "SK Schwäbisch Hall - SK Schmiden/Cannstatt"]
[Site "?"]
[Date "2023.05.07"]
[Round "9.5"]
[White "Thoma, Christian"]
[Black "Kapusta, Petr"]
[Result "1-0"]
[WhiteElo "2208"]
[BlackElo "2140"]
[PlyCount "109"]
[EventDate "2023.??.??"]

1. d4 Nf6 2. c4 g6 3. Nc3 Bg7 4. e4 O-O 5. Be2 d6 6. Bg5 h6 7. Be3 e5 8. d5 c6 9. Qd2 cxd5 10. cxd5 Kh7 11. h4 Ng4 12. Bxg4 Bxg4 13. h5 g5 14. f3 Bd7 15. g4 Na6 16. Nge2 Qa5 17. a3 Rfe8 18. Kf2 Nc7 19. b4 Qa6 20. a4 b5 21. axb5 Qb7 22. Ra5 Nxb5 23. Nxb5 Bxb5 24. Nc3 Bd7 25. b5 a6 26. bxa6 Rxa6 27. Rb1 Qa8 28. Rxa6 Qxa6 29. Rb6 Qa1 30. Ne2 Ra8 31. Qc1 Qa4 32. Rb7 Rc8 33. Rc7 Rxc7 34. Qxc7 Bf8 35. Kg3 Be8 36. Nc3 Qa8 37. Ba7 Kg8 38. Kf2 Bg7 39. Ke2 Bf6 40. Kd3 Qd8 41. Bb8 Qxc7 42. Bxc7 Be7 43. Kc4 Kf8 44. Nb5 Bd7 45. Nxd6 f6 46. Nf5 Bxf5 47. gxf5 Ke8 48. Bb6 Ba3 49. Bc5 Bc1 50. Kb5 Kd7 51. Bf8 g4 52. fxg4 Bf4 53. Kc4 Be3 54. Bc5 Bc1 55. Kd3 1-0

[Event "SK Schwäbisch Hall - SK Schmiden/Cannstatt"]
[Site "?"]
[Date "2023.05.07"]
[Round "9.6"]
[White "Buran, Jaroslav"]
[Black "Eisele, Steffen"]
[Result "1/2-1/2"]
[WhiteElo "2011"]
[BlackElo "2234"]
[PlyCount "39"]
[EventDate "2023.??.??"]

1. d4 g6 2. Nf3 Bg7 3. e4 d6 4. h3 Nf6 5. Bd3 O-O 6. O-O Nc6 7. c3 e5 8. dxe5 Nxe5 9. Nxe5 dxe5 10. Bg5 h6 11. Bh4 Re8 12. Na3 g5 13. Bg3 Nh5 14. Bb5 Qxd1 15. Raxd1 c6 16. Be2 Nf4 17. Bg4 Bxg4 18. hxg4 Rad8 19. Nc4 Nd3 20. b4 1/2-1/2

[Event "SK Schwäbisch Hall - SK Schmiden/Cannstatt"]
[Site "?"]
[Date "2023.05.07"]
[Round "9.7"]
[White "Scheeff, Volker"]
[Black "Bahmann, Micha"]
[Result "0-1"]
[WhiteElo "2048"]
[BlackElo "2072"]
[PlyCount "164"]
[EventDate "2023.??.??"]

1. e4 e5 2. Nf3 Nc6 3. Bb5 Nf6 4. Qe2 a6 5. Ba4 Bc5 6. c3 b5 7. Bb3 d6 8. O-O O-O 9. d3 Bg4 10. h3 Bd7 11. Kh1 h6 12. Nh4 Kh7 13. Bc2 g6 14. Nf3 Bb6 15. d4 Re8 16. dxe5 Nxe5 17. Nxe5 dxe5 18. Nd2 Nh5 19. Qf3 Qf6 20. Qxf6 Nxf6 21. f3 Nh5 22. Rd1 Rad8 23. Nf1 Be6 24. Be3 Nf4 25. Bb3 Nd3 26. Rd2 Bxb3 27. axb3 Nc5 28. Bxc5 Bxc5 29. Rad1 Rxd2 30. Rxd2 Bb6 31. Rd7 Kg7 32. b4 Kf6 33. Nd2 Ke6 34. Rd3 a5 35. bxa5 Bxa5 36. Kg1 Bb6+ 37. Kf1 Ra8 38. Ke2 Ra2 39. b4 h5 40. Rd8 c6 41. Rd3 h4 42. c4 Bd4 43. c5 Rb2 44. Rb3 Rxb3 45. Nxb3 Bc3 46. Nc1 Bxb4 47. Nd3 Bc3 48. Kd1 Kd7 49. Kc2 Bd4 50. Kb3 Kc7 51. Kb4 Kb7 52. Kb3 f6 53. Ka3 Be3 54. Kb3 g5 55. Kc2 Ka6 56. Nb4+ Ka5 57. Nxc6+ Ka4 58. Ne7 Bxc5 59. Nd5 b4 60. Nxf6 Ka3 61. Kb1 Kb3 62. Nd5 Kc4 63. Kc2 b3+ 64. Kb2 Bd4+ 65. Kb1 Kd3 66. Nc7 Ke2 67. Ne6 Be3 68. Kb2 Kf2 69. Kxb3 Kxg2 70. Kc4 Kxf3 71. Kd5 g4 72. hxg4 h3 73. g5 h2 74. Kxe5 h1=Q 75. g6 Qh5+ 76. Kf6 Kxe4 77. g7 Qf5+ 78. Ke7 Bg5+ 79. Nxg5+ Qxg5+ 80. Kf7 Qf5+ 81. Ke8 Qg6+ 82. Kf8 Qf6+ 0-1

[Event "SK Schwäbisch Hall - SK Schmiden/Cannstatt"]
[Site "?"]
[Date "2023.05.07"]
[Round "9.8"]
[White "Krenedics, Gregor"]
[Black "Witke, Thomas"]
[Result "1/2-1/2"]
[WhiteElo "2027"]
[BlackElo "2208"]
[PlyCount "39"]
[EventDate "2023.??.??"]

1. c4 c6 2. d4 d5 3. Nf3 Nf6 4. Qc2 dxc4 5. Qxc4 Bg4 6. Ne5 Be6 7. Qd3 Nbd7 8. Nxd7 Qxd7 9. Bg5 Bf5 10. Qc4 b5 11. Qc1 Ne4 12. Bf4 e5 13. dxe5 Bc5 14. Be3 Bb4+ 15. Nc3 Qe7 16. a3 Bxc3+ 17. bxc3 Nc5 18. Bxc5 Qxc5 19. e3 Qxe5 20. Be2 1/2-1/2

[Event "SG Schwäbisch Gmünd - SC Böblingen"]
[Site "?"]
[Date "2023.05.07"]
[Round "9.1"]
[White "Gaehwiler, Gabriel"]
[Black "Velicka, Petr"]
[Result "1/2-1/2"]
[WhiteElo "2393"]
[BlackElo "2370"]
[PlyCount "48"]
[EventDate "2023.??.??"]

1. d4 d5 2. c4 c6 3. Nf3 Nf6 4. Nc3 a6 5. g3 b5 6. b3 Bf5 7. Bg2 h6 8. Bb2 e6 9. O-O Be7 10. Nd2 O-O 11. e4 dxe4 12. Ndxe4 Nxe4 13. Nxe4 Nd7 14. Qe2 Rc8 15. Rfd1 Nf6 16. Rac1 Nxe4 17. Bxe4 Bxe4 18. Qxe4 Bf6 19. Ba3 Re8 20. Bc5 Qa5 21. a3 Red8 22. Bb4 Qb6 23. Bc5 Qa5 24. Bb4 Qb6 1/2-1/2

[Event "SG Schwäbisch Gmünd - SC Böblingen"]
[Site "?"]
[Date "2023.05.07"]
[Round "9.3"]
[White "Seitz, Patrick"]
[Black "Flajsman, Pavel"]
[Result "1-0"]
[WhiteElo "2236"]
[BlackElo "2201"]
[PlyCount "73"]
[EventDate "2023.??.??"]

1. e4 e5 2. Nf3 Nc6 3. Bb5 a6 4. Ba4 Nf6 5. O-O Nxe4 6. d4 b5 7. Bb3 d5 8. dxe5 Be6 9. c3 Bc5 10. Nbd2 O-O 11. h3 Qe7 12. Bc2 Nxf2 13. Rxf2 f6 14. exf6 Bxf2+ 15. Kxf2 Rxf6 16. Kg1 Qc5+ 17. Kh1 Raf8 18. Qe2 Qd6 19. a4 Bd7 20. axb5 axb5 21. b3 Re8 22. Qf2 b4 23. c4 Bf5 24. Bxf5 Rxf5 25. Bb2 Qf4 26. Qc5 Qd6 27. Qxd6 cxd6 28. Ra6 Rc8 29. g4 Rf4 30. Kg2 dxc4 31. Nxc4 Ne5 32. Ncxe5 dxe5 33. Bxe5 Rf7 34. Rb6 Rc2+ 35. Kg3 Re2 36. Bd4 Rd2 37. Nxd2 1-0

[Event "SG Schwäbisch Gmünd - SC Böblingen"]
[Site "?"]
[Date "2023.05.07"]
[Round "9.4"]
[White "Hoenick, Andreas"]
[Black "Tran, Thanh Kien"]
[Result "1/2-1/2"]
[WhiteElo "2135"]
[BlackElo "2144"]
[PlyCount "78"]
[EventDate "2023.??.??"]

1. d4 Nf6 2. c4 c5 3. d5 d6 4. Nc3 g6 5. e4 Bg7 6. Nf3 O-O 7. h3 e6 8. Bd3 exd5 9. cxd5 b5 10. Nxb5 Nxe4 11. Bxe4 Re8 12. Ng5 Qa5+ 13. Nc3 Ba6 14. Bd2 Nd7 15. Qc2 Rab8 16. O-O-O Ne5 17. Na4 Rb4 18. a3 Qxa4 19. axb4 Qa2 20. b5 Bxb5 21. Bc3 f5 22. f4 fxe4 23. fxe5 Rxe5 24. h4 Bd3 25. Rxd3 exd3 26. Qxd3 Qa1+ 27. Qb1 Qa4 28. Qc2 Qa1+ 29. Qb1 Qa4 30. Bxe5 Bxe5 31. Nf3 Bf4+ 32. Nd2 Bxd2+ 33. Kxd2 Qf4+ 34. Ke2 Qg4+ 35. Kf2 Qf4+ 36. Ke2 Qg4+ 37. Kf1 Qf4+ 38. Ke1 Qb4+ 39. Ke2 Qg4+ 1/2-1/2

[Event "SG Schwäbisch Gmünd - SC Böblingen"]
[Site "?"]
[Date "2023.05.07"]
[Round "9.5"]
[White "Vujic, Branimir"]
[Black "Bergner, Philipp"]
[Result "1/2-1/2"]
[WhiteElo "2219"]
[BlackElo "2148"]
[PlyCount "51"]
[EventDate "2023.??.??"]

1. d4 d5 2. Bf4 Nf6 3. e3 c5 4. Nc3 a6 5. dxc5 Nc6 6. Nf3 Bg4 7. Be2 e6 8. h3 Bh5 9. Bd6 Bxd6 10. cxd6 Qxd6 11. O-O Rd8 12. Nd4 Bxe2 13. Ncxe2 O-O 14. c3 Ne4 15. Nxc6 bxc6 16. Qa4 c5 17. Rad1 Qb6 18. Qc2 c4 19. b3 cxb3 20. axb3 Rb8 21. c4 Qxb3 22. Qxb3 Rxb3 23. cxd5 Rb2 24. Nf4 Nc3 25. Rd3 Nxd5 26. Nxd5 1/2-1/2

[Event "SG Schwäbisch Gmünd - SC Böblingen"]
[Site "?"]
[Date "2023.05.07"]
[Round "9.6"]
[White "Lankes, Erich"]
[Black "Schuh, Karsten"]
[Result "1/2-1/2"]
[WhiteElo "2161"]
[BlackElo "2133"]
[PlyCount "33"]
[EventDate "2023.??.??"]

1. e4 c5 2. Nf3 Nc6 3. c4 g6 4. d4 cxd4 5. Nxd4 Bg7 6. Be3 Nf6 7. Nc3 Ng4 8. Qxg4 Nxd4 9. Qd1 Ne6 10. Qd2 Qa5 11. Rc1 d6 12. a3 O-O 13. Be2 f5 14. exf5 gxf5 15. Nd5 Qxd2+ 16. Bxd2 Bxb2 17. Nxe7+ 1/2-1/2

[Event "SG Schwäbisch Gmünd - SC Böblingen"]
[Site "?"]
[Date "2023.05.07"]
[Round "9.8"]
[White "Reichert, Matthias"]
[Black "Bauer, Peter"]
[Result "0-1"]
[WhiteElo "1954"]
[BlackElo "2180"]
[PlyCount "92"]
[EventDate "2023.??.??"]

1. e4 e5 2. Nf3 Nc6 3. Bb5 Nf6 4. O-O Nxe4 5. Re1 Nd6 6. Nxe5 Be7 7. Nxc6 dxc6 8. Bf1 O-O 9. d4 Nf5 10. c3 Be6 11. Nd2 c5 12. dxc5 Bxc5 13. Qf3 c6 14. Ne4 Be7 15. Bf4 Qb6 16. Ng5 Bxg5 17. Bxg5 h6 18. Bc1 Rfe8 19. Re5 Nh4 20. Qh5 Ng6 21. Re3 Rad8 22. Rg3 Rd5 23. Qe2 Qc7 24. Be3 Bf5 25. c4 Rdd8 26. Rd1 Qa5 27. Rxd8 Rxd8 28. Qh5 Qe1 29. Qe2 Qb1 30. Bd2 Qxb2 31. Bc3 Qxe2 32. Bxe2 f6 33. h4 Nf4 34. Kf1 Re8 35. Bd1 Bd3+ 36. Kg1 Bxc4 37. Kh2 Rd8 38. Bf3 Kf7 39. Rg4 g5 40. hxg5 hxg5 41. g3 Rd3 42. gxf4 Rxf3 43. Bxf6 Kxf6 44. fxg5+ Kg6 45. Rxc4 Rxf2+ 46. Kg3 Rxa2 0-1